Представление документа в формате MARC21

Поле Инд. ПП Название Значение
Тип записи a
Библиографический уровень b
001 Контрольный номер 24b0601911ba47b6884e404f95dd2855
005 Дата корректировки 20200629091347.8
008 Кодируемые данные 20170331
040 b Код языка каталог. rus
e Правила каталог. PSBO
041 0_ a Код языка текста rus
084 a Индекс другой классификации/Индекс ББК 67.911.20
100 1_ a Автор Оленина Т. Ю.
245 10 a Заглавие Сотрудничество в области правовой охраны лесов между Россией и Европейским союзом
520 0_ a Аннотация В связи с тем что проблема охраны лесов является глобальной, необходимо и правовое регулирование на международном уровне в этой сфере. В связи с этим международное сотрудничество выступает весьма значимым в области правовой охраны лесов. В статье приводится пример возможного такого сотрудничества на примере России и Европейского союза, что является актуальным в связи с последними разногласиями между данными публичными субъектами и может поспособствовать урегулированию конфликтов
650 14 a Основная рубрика право; международное право; международное публичное право
653 0_ a Ключевые слова биологическое разнообразие
a Ключевые слова Европейский союз (ЕС)
a Ключевые слова изменение климата
a Ключевые слова международное сотрудничество
a Ключевые слова международное экологическое право
a Ключевые слова охрана окружающей среды
a Ключевые слова охраняемые территории
a Ключевые слова правовая охрана лесов
a Ключевые слова правовое регулирование
a Ключевые слова Россия
a Ключевые слова экологическое право
773 08 t Заглавие источника Российская юстиция
d Дата издания источника 2020
g Прочая информация № 4. - С. 16 - 18
w Контрольный № источника d9163a71ea1647108cab3fccfb4b3d86
901 t Тип документа b